00566nam a2200133 a 450000500170000000800410001705000200005810000180007824500320009626000320012852001690016065000460032965000570037520140414131855.0100817s19uu xx 00 eng d aM 947bH21 1999 aHarvey, Miles aLook what came from Russia. aNew York :bFranklin Watts. aDescribes many things that originally cam from Russia, including inventions, sports and games, food, fashion, musical instruments, animal arts and crafts, and words aRussiaxCivilizationxJuvenile literature aCivilizationxRussia influencesxJuvenile literature